000 00380nam a2200157Ia 4500
008 231221s9999 xx 000 0 und d
020 _a81-261-0437-6
041 _aEnglish
082 _a910 SET1;1 R
100 _aSethi, Praveen ed
245 0 _aHandbook of modern tourism
260 _c2005
_bAnmol Publ.
_aNew Delhi
300 _a310
650 _atourism
942 _cHM
999 _c208219
_d208219